<?xml version="1.0" encoding="UTF-8"?>
<marc:record xmlns:marc="http://www.loc.gov/MARC21/slim">
   <marc:leader>00000nam a2200000 a 4500</marc:leader>
   <marc:datafield ind1="1" ind2=" " tag="100">
      <marc:subfield code="a">Delaney, Joseph</marc:subfield>
      <marc:subfield code="4">aut</marc:subfield>
      <marc:subfield code="e">Verfasser/-in</marc:subfield>
   </marc:datafield>
   <marc:datafield ind1="0" ind2="0" tag="245">
      <marc:subfield code="a">Spook</marc:subfield>
   </marc:datafield>
   <marc:datafield ind1="0" ind2="0" tag="245">
      <marc:subfield code="c">Joseph Delaney. Aus dem Engl. von Tanja Ohlsen. Mit Ill. von Patrick Arrasmith</marc:subfield>
   </marc:datafield>
   <marc:datafield ind1=" " ind2="1" tag="264">
      <marc:subfield code="a">München</marc:subfield>
      <marc:subfield code="b">cbj</marc:subfield>
      <marc:subfield code="c">2014</marc:subfield>
   </marc:datafield>
   <marc:datafield ind1=" " ind2=" " tag="250">
      <marc:subfield code="a">1. Aufl.</marc:subfield>
   </marc:datafield>
   <marc:datafield ind1="1" ind2=" " tag="520">
      <marc:subfield code="a">Angaben aus der Verlagsmeldung

Spook - Die Feinde des Geisterjägers : Band 5 Spook #5 - The Spook's Mistake / von Joseph Delaney

Der Geisterjäger ist zurück – Band 5 der spookigen Reihe.
Tom Ward hat sich Feinde gemacht, die selbst dem Spook Kopfzerbrechen bereiten. Den Leibhaftigen im Nacken, wird er zu einem anderen Geisterjäger in die Sümpfe hoch im Norden geschickt, wo er auf die drohende Gefahr vorbereitet werden soll. Meister Arwkright ist ein harter Lehrer, doch als er einen üblen Fehler begeht, steht Tom alleine einer teuflischen Wasserhexe gegenüber. Der Spook und Alice eilen ihm zu Hilfe … Doch reichen ihre Kräfte aus, um den endgültigen Sieg der Dunklen Mächte zu verhindern?
</marc:subfield>
   </marc:datafield>
   <marc:datafield ind1=" " ind2=" " tag="020">
      <marc:subfield code="a">9783570224489</marc:subfield>
      <marc:subfield code="9">9783570224489</marc:subfield>
   </marc:datafield>
   <marc:datafield ind1=" " ind2=" " tag="020">
      <marc:subfield code="a">3570224481</marc:subfield>
      <marc:subfield code="9">3570224481</marc:subfield>
   </marc:datafield>
   <marc:datafield ind1=" " ind2=" " tag="041">
      <marc:subfield code="a">ger</marc:subfield>
   </marc:datafield>
</marc:record>
